000 00548nam a2200205 4500
003 OSt
005 20240715053602.0
006 a
008 240715b |||||||| |||| 00| 0 eng d
020 _a0814622763
040 _aDWCL-Main lib.
_cOC
082 _aCirc. 220 W895b 1993
100 _aWoods, Laurie
245 _aThe Bible : Gods Word /
260 _aCollegeville, Minn. :
_bThe Liturgical Press,
_cc1993.
300 _b92 p. : col. ill. ;
_c22 cm.
504 _aIncludes index.
650 _a1. Bible.
942 _2ddc
_n0
_cBK-CIRC
_kCirc.
999 _c2178
_d2178